| 000 | 00437nam a2200097Ia 4500 | ||
|---|---|---|---|
| 005 | 20250424112820.0 | ||
| 008 | 250424s9999 xx 000 0 und d | ||
| 300 | _avi, 138 p. ; 22 cm. | ||
| 650 | _aEconomic development--Periodicals. International relations--Periodicals. Economic assistance--Developing countries--Periodicals. Developing countries--Economic conditions--Periodicals. Slovenia--Foreign relations--Periodicals. | ||
| 942 | _cSR | ||
| 999 |
_c37285 _d37285 |
||